Statistical Yearbook Annuaire statistique

Αποθηκεύτηκε σε:
Λεπτομέρειες βιβλιογραφικής εγγραφής
Συγγραφή απο Οργανισμό/Αρχή: United Nations. Statistical Division
Μορφή: Περιοδική έκδοση
Γλώσσα:English
French
Δημοσίευση: New York : United Nations, 1948-
Ετικέτες: Προσθήκη ετικέτας
Δεν υπάρχουν, Καταχωρήστε ετικέτα πρώτοι!

MARC

LEADER 00000nas a2200000 i 4500
001 1/53672
008 040426c19919999us eng
022 |a 00828459  
035 |l 10073136  
040 |a GR-MY-UA  |b gre  |e aacr 
041 0 |a eng  |a fre 
082 0 |a 310.5  
110 2 |a United Nations.   |b Statistical Division. 
245 1 0 |a Statistical Yearbook   |h [περιοδικό] =   |b Annuaire statistique  
260 |a New York :   |b United Nations,   |c 1948-  
300 |a τ. :   |b πίν. ;   |c 29 εκ.  
310 |a Ετήσιο  
853 |a INST  |b CHIOS  |c SER  |h 310.5 
901 |a BIBL2-2004-1  
922 |a 2ΕΛΗ  |c ΚΕΝΤΡΙΚΗ ΒΙΒΛΙΟΘΗΚΗ  |d SWETS 
970 |a ΣΠΕΝΤΖΑ  |b ΕΛΕΝΗ  |z 2004/04/26